[Event "Ricany op-B"]
[Site "Ricany"]
[Date "2008.08.28"]
[Round "7"]
[White "Fiala, J."]
[Black "Kotka, Tomas"]
[Result "1-0"]
[WhiteElo "1658"]
[BlackElo "1400"]
[PlyCount "81"]
[EventDate "2008.08.23"]
[EventType "swiss"]
[EventRounds "9"]
[EventCountry "CZE"]
[SourceTitle "CBM 126 Extra"]
[Source "ChessBase"]
[SourceDate "2008.11.05"]
[SourceVersion "1"]
[SourceVersionDate "2008.11.05"]
[SourceQuality "1"]

1. e4 e5 2. Nf3 Nc6 3. d4 exd4 4. Nxd4 Nxd4 5. Qxd4 d6 6. Bc4 Be6 7. Bb3 Qh4 8. 0-0 Nf6 9. f3 Be7 10. Be3 0-0 11. Nc3 a6 12. Bxe6 fxe6 13. Qc4 Nd5 14. Bf2 Qf4 15. Ne2 Qd2 16. exd5 exd5 17. Qd3 Qg5 18. f4 Qf6 19. Qxd5+ Kh8 20. Bd4 Qf7 21. Qxf7 Rxf7 22. g4 c5 23. Bc3 a5 24. a4 b6 25. Rfd1 Rd8 26. Rd5 Bf6 27. Bxf6 gxf6 28. Rad1 Rg8 29. h3 f5 30. g5 h6 31. h4 hxg5 32. hxg5 Re7 33. Ng3 Rg6 34. Rxd6 Re1+ 35. Kf2 Rxd1 36. Rxd1 Kg7 37. Nxf5+ Kf7 38. Kf3 Rc6 39. Kg4 c4 40. Rd6 Rc5 41. g6+ 1-0

[Event "Ricany op-B"]
[Site "Ricany"]
[Date "2008.08.23"]
[Round "1"]
[White "Pycha, Patrik"]
[Black "Fiala, J."]
[Result "0-1"]
[WhiteElo "1312"]
[BlackElo "1658"]
[PlyCount "73"]
[EventDate "2008.08.23"]
[EventType "swiss"]
[EventRounds "9"]
[EventCountry "CZE"]
[SourceTitle "CBM 126 Extra"]
[Source "ChessBase"]
[SourceDate "2008.11.05"]
[SourceVersion "1"]
[SourceVersionDate "2008.11.05"]
[SourceQuality "1"]

1. e4 c6 2. d4 d5 3. exd5 cxd5 4. Nf3 Nc6 5. Nc3 Bg4 6. Be3 a6 7. Be2 e6 8. a3 b5 9. h3 Bh5 10. 0-0 Bd6 11. Nd2 Bg6 12. Bh5 Nge7 13. Bxg6 hxg6 14. Qf3 Nf5 15. Nb3 Bc7 16. Rad1 Rh4 17. Rd2 Na5 18. Nxa5 Bxa5 19. b4 Bc7 20. Ne2 Nd6 21. Bf4 Ne4 22. Rdd1 Bxf4 23. Nxf4 Qf6 24. g3 Rxh3 25. Kg2 Rh8 26. Qe3 Kd7 27. Rh1 Rhc8 28. Qc1 Rc4 29. Qb2 Rac8 30. Rc1 Qxd4 31. Qxd4 Rxd4 32. Nd3 Ke7 33. Ne5 Rd2 34. Rh7 Rxf2+ 35. Kg1 Rc3 36. Rxg7 Rxg3+ 37. Kh1 0-1